Ekonomika a řízení spojů

Enregistré dans:
Détails bibliographiques
Auteur principal: Šindelář, Josef
Format: Livre
Langue:tchèque
Publié: Praha Nakladatelství dopravy a spojů 1983
Édition:2. přeprac. vyd.
Tags: Ajouter un tag
Pas de tags, Soyez le premier à ajouter un tag!

MARC

LEADER 00000nam a2200000 4500
001 c132026
005 20041019155254.0
041 0 |a cze 
044 |a CZ 
245 1 0 |a Ekonomika a řízení spojů  |c Josef Šindelář a kol. 
250 |a 2. přeprac. vyd. 
264 1 |a Praha  |b Nakladatelství dopravy a spojů  |c 1983 
300 |a 214 s. 
100 1 |a Šindelář, Josef